000 00536cam a22002171 4500
001 sa 67000667
003 DLC
005 20260227112316.0
008 900110s1966 ii 000 0 orio
010 _asa 67000667
035 _a(OCoLC)20870915
040 _aDLC
_cWaU
_dDLC
042 _apremarc
050 0 0 _aPK2571
_b.D36
100 1 _aCidānanda, Tāriṇīcaraṇa Dāsa,
_d1929-
245 1 0 _aNūtana samīkshā.
260 _c[1966]
300 _a2, 270 p.
_c19 cm.
500 _aIn Oriya.
650 0 _aOriya literature.
999 _c72130
_d72130